000 00320nam a22001457a 4500
003 SGT
020 _a9788180522109
082 _a340,MOS
100 _aMOSHAL,B.S.
245 _aMODERN BUSINESS LAW
260 _aNEW DELHI
_bANE BOOKS PVT.LTD.
_c2009
300 _a387
650 _aMODERN BUSIESS LAW
942 _2ddc
_cBK
999 _c10404
_d10404